| 000 | 00858nam a22002295a 4500 | ||
|---|---|---|---|
| 003 | OSt | ||
| 005 | 20170319105835.0 | ||
| 008 | 170313s2015 ua frb 000 0 ara d | ||
| 015 | _a2012 / 22734 | ||
| 020 | _a9789770471654 | ||
| 040 |
_aEG-ScBUE _bara _cEG-ScBUE |
||
| 043 | _af-ua--- | ||
| 082 | 0 | 4 |
_a342.620878 _bص ا ب _222 |
| 100 | 1 | _aصابر، دويب حسين. | |
| 245 | 1 | 2 |
_aالتطور الدستوري لحقوق المرأة السياسية في مصر : _bدراسة مقارنة / _cإعداد دويب حسين صابر. |
| 260 |
_aالقاهرة : _bدار النهضة العربية، _c2015. |
||
| 300 |
_a268 ص. ؛ _c24 سم. |
||
| 504 | _aيشتمل على إرجاعات ببليوجرافية. | ||
| 650 | 7 |
_aحقوق المرأة _xقوانين وتشريعات _zمصر. _2BUEsh |
|
| 653 |
_bLLAAWW _cMarch2017 |
||
| 942 | _2ddc | ||
| 999 |
_c24465 _d24437 |
||